| 000 | 00562nam a2200193Ia 4500 | ||
|---|---|---|---|
| 003 | GCL | ||
| 008 | 140319s9999 xx 000 0 ara d | ||
| 040 |
_aGCL / _cGCL |
||
| 082 | 0 | 4 |
_a891.7 _bغ ا |
| 100 | 1 | _aغوركى، مكسيم | |
| 245 | 1 | 0 |
_aاسرة ارتامونوف / _cغوركى، مكسيم |
| 700 | 1 | _aمنير البعلبكى | |
| 300 | _a324 ص | ||
| 490 |
_aكنوز القصص الانسانى _v0 |
||
| 650 | 0 | 4 | _aالادب الروسى |
| 650 | 0 | 4 | _aالقصص الطويلة |
| 650 | 0 | 4 | _aالقصة الروسية |
| 942 |
_2ddc _cBK |
||
| 999 |
_c39497 _d39497 |
||